000 00837nam a2200241 i 4500
001 bg
100 1 _aSNAMINA, Jacek
245 1 0 _aMechaniczne zjawiska falowe w przewodach elektroenergetycznych linii napowietrznych /
_cJacek Snamina.
260 _aKraków :
_bPK,
_c2003.
300 _a172 s. :
_bil. ;
_c24 cm.
490 1 _aMonografia / Politechnika Krakowska im. Tadeusza Kościuszki. Mechanika
500 _aISSN i nr serii gł.: 0860-097X ; 287. - Streszcz. ang., franc.
504 _aBibliogr.
650 9 _aPrzewody elektryczne
_xbadanie
650 9 _aFale
_xbadanie
650 9 _aDrgania
_xbadanie
830 0 _aMonografia (Politechnika Krakowska im. Tadeusza Kościuszki).
_pMechanika
040 _cBPK
041 0 _apol
_bangfra
080 _a621.315:534
942 _cKS
008 s pl f |000 0 pol
999 _c43264
_d43264
856 _uhttp://koha.tu.koszalin.pl/cgi-bin/koha/opac-detail.pl?biblionumber=43264
_yKatalog online BPK